| 000 | 00631nam a2200229Ia 4500 | ||
|---|---|---|---|
| 003 | OSt | ||
| 005 | 20221006163918.0 | ||
| 006 | a|||||r|||| 00| 0 | ||
| 007 | ta | ||
| 008 | 221006b |||||||| |||| 00| 0 eng d | ||
| 024 | _a1,226 | ||
| 037 | _cAnnuals, Advances | ||
| 040 |
_aFML _cFML _beng |
||
| 041 |
_2eng _aeng |
||
| 082 | _aNR44:g, K7 | ||
| 100 |
_aKeskar B. V. Au. _9676184 |
||
| 245 | 0 |
_aIndian Music _b Problems and Prospects |
|
| 260 |
_aMumbai _bPopular Publication _c1967 |
||
| 300 |
_a94 _ccm. |
||
| 942 |
_hNR44:g, K7 _cREF _2CC |
||
| 999 |
_c1115706 _d1115706 |
||